000 00329nam a2200133Ia 4500
008 240624s9999 xx 000 0 und d
041 _aeng
082 _a823 RIO
100 _aRIORDAN RICK
245 _aHEROES OF OLYMPUS THE HOUSE OF HADES
260 _c2013
_aNew Delhi
_bPenguin Books
300 _a565 : p.
365 _cRS
_b25
999 _c22156
_d22156